00674nam a2200217Ia 450000500170000000800410001702000150005802000180007304000530009104100080014410000210015224500780017326000410025130000180029249000150031065000290032565000230035465000260037765000220040370000310042520170509083517.0130821s2004 ck fr f spa d a9587042387 a9789587049978 aCo-BoUCMbspacSaul Niño (Modificó)d[Nuevo]00aspa1 aSaramago, José10aEnsayo sobre la cegueracJosé Saramago ; traducción de Basilio Losada aBogotá (Colombia)bAlfaguarac2004 a420 páginas0 aBiblioteca04aCeguera en la literatura04aLiteratura europea04aLiteratura portuguesa04aNovela portuguesa1 aLosada, Basilioetraductor